Ứng dụng GIS trong quy hoạch trạm BTS VNPT Đà Nẵng
Nghiên cứu ứng dụng công nghệ GIS nâng cao hiệu quả quản lý về hạ tầng viễn thông, trong đó chú trọng quản lý việc phát triển, giám sát hạ tầng viễn thông và việc quản lý khoảng cách giữa các trạm BTS, quản lý dùng chung trạm BTS tại thành phố.....
Zapisane w:
| 1. autor: | |
|---|---|
| Kolejni autorzy: | |
| Format: | Książka |
| Język: | Vietnamese |
| Wydane: |
Đà Nẵng
Trường Đại học sư phạm Đà Nẵng
2017
|
| Hasła przedmiotowe: | |
| Etykiety: |
Dodaj etykietę
Nie ma etykietki, Dołącz pierwszą etykiete!
|
| Thư viện lưu trữ: | Mạng thư viện Đại học Đà Nẵng |
|---|
| LEADER | 01760nam a2200349 4500 | ||
|---|---|---|---|
| 001 | 000024966 | ||
| 003 | 21457 | ||
| 005 | 20170419100422.0 | ||
| 008 | 170410s2017 viesd | ||
| 041 | |a vie | ||
| 082 | 1 | 4 | |a 006.78 |b LÊ-Q |
| 100 | 1 | |a Lê Hồ Chí Quốc | |
| 245 | 1 | |a Ứng dụng GIS trong quy hoạch trạm BTS VNPT Đà Nẵng |c Lê Hồ Chí Quốc ; Trần Quốc Chiến hướng dẫn. |k Luận văn Thạc sĩ | |
| 260 | |a Đà Nẵng |b Trường Đại học sư phạm Đà Nẵng |c 2017 | ||
| 300 | |a 74 tr., phụ lục 3 tr. |c 29 cm. |e Tóm tắt | ||
| 500 | |a Luận văn thạc sĩ . Chuyên ngành: Hệ thống thông tin. Mã số: 60.48.01.04 | ||
| 520 | 3 | |a Nghiên cứu ứng dụng công nghệ GIS nâng cao hiệu quả quản lý về hạ tầng viễn thông, trong đó chú trọng quản lý việc phát triển, giám sát hạ tầng viễn thông và việc quản lý khoảng cách giữa các trạm BTS, quản lý dùng chung trạm BTS tại thành phố.. | |
| 650 | 0 | 4 | |a Web GIS |v Luận văn tốt nghiệp |x Tin học ứng dụng |z Đà Nẵng |
| 653 | |a Hệ thống thông tin | ||
| 653 | |a Phần mềm GIS | ||
| 653 | |a Hệ thống thông tin địa lý | ||
| 700 | 1 | |a Trần Quốc Chiến |c PGS.TSKH |e Hướng dẫn | |
| OWN | |a LSP | ||
| AVA | |a UDN50 |b LSP |d 006.78 LÊ-Q |e available |t Error 5001 Not defined in file expand_doc_bib_avail. |f 1 |g 0 |h N |i 0 |k 1 | ||
| 999 | |a From the UDN01 | ||
| AVA | |a UDN50 |b LSP |d 006.78 LÊ-Q |e available |t Error 5001 Not defined in file expand_doc_bib_avail. |f 1 |g 0 |h N |i 0 |k 1 | ||
| TYP | |a Monograph | ||
| TYP | |a Printed language | ||
| 980 | |a Mạng thư viện Đại học Đà Nẵng | ||